000 00797nam a2200229 a 4500
999 _c11502
_d11502
001 11502
003 BD-JhCC
005 20191019091851.0
008 180624b 2004bg |||| ||a| 000 0 ben d
020 _a9848193906
035 _a(BD-JhCC)11502
040 _aBD-JhCC
_dBD-JhCC
041 _aben
082 _bHAY 2004
_a338.1095492
100 _aহায়দার, জুলফিকার
245 _aবাংলার সশস্ত্র কৃষক সংগ্রাম /
_cজুলফিকার হায়দার ।
260 _aঢাকা:
_bঅ্যাডর্ন পাবলিকেশন;
_c২০০৪.
300 _a১৮৪ পৃ. :
_c২২ সেমি.
650 _aAgriculture--Economic aspects
_zBangladesh
942 _2ddc
_cBK